Los Multiples verdes del ambientalismo latinoamericano /

Salvato in:
Dettagli Bibliografici
Autore principale: Gudynas, Eduardo
Natura: testo
Soggetti:
Tags: Aggiungi Tag
Nessun Tag, puoi essere il primo ad aggiungerne!!

MARC

LEADER 00000 a a2200000 04500
001 10465
003
040
100 |a Gudynas, Eduardo  
245 |a Los Multiples verdes del ambientalismo latinoamericano /  |c Eduardo Gudynas 
650 |a CONSERVACION DE LA NATURALEZA  
650 |a ECOLOGIA  
650 |a AMERICA LATINA  
773 |g número 122; páginas 105-115  
999 |c 37681  |d 37681